000 00714nam a22002297a 4500
003 DO-SdBNP
005 20210922152308.0
007 ta
008 210922b 2018 dr 00| 0 eng d
020 _a978945803204
040 _aDO-SdBNP
_bspa
_cBNPHU
082 4 _aBNPHU
_bP349p
100 1 _aPeña Cepeda, Porfirio,
_e1948-
_980026
245 1 0 _aPasarela de la vida y su final /
_cPorfirio Peña Cepeda ; prólogo Cruz María Santana Nieves
300 _a75 p. ;
_c23 cm.
500 _aIncluye datos biográficos del autor en las solapas
504 _aBibliografía : p. 75
590 _aInventariado, 2021/BT
700 1 _aSantana Nieves, Cruz María,
_epról.
_980027
910 _aBtavárez
942 _2ddc
_cLBS1
999 _c50643
_d50643